Harry Potter dalla a-z - Statistics

Statistiche generali
  • Questo quiz è stato fatto 1.303 volte
  • Il punteggio medio è 20 su 26
Statistiche sulle risposte
Domanda Risposta % Corretto
La Pietra __________, è il primo libro della saga Harry Potter F Filosofale
99%
Elfo domestico che protegge Harry D Dobby
98%
Il nome del padre di Harry J James
97%
Piton è il principe ___________ M Mezzosangue
97%
Il nome della civetta di Harry E Edvige
95%
Lupin era un ____ _________ L Lupo Mannaro
95%
Cedric Diggory appartiene a questa casata T Tassorosso
93%
Incantesimo che fa soffrire C Crucio
92%
Mostro che uccise Mirtilla Malcontenta B Basilisco
91%
Voldemort ne ha creati sette H Horcrux
91%
La banca in cui Harry tiene i suoi soldi G Gringott
89%
Il cognome di Ron e la sua famiglia W Weasley
89%
Il nome del serpente di Voldemort N Nagini
86%
Nel primo film Voldemort si nutriva del sangue di questa creatura U Unicorno
85%
Cognome di uno dei campioni della coppa tremaghi nel 4° film K Krum
84%
Sport dei maghi praticato con scope volanti Q Quidditch
84%
Harry nella prima prova del torneo tremagli affrontò un Ungaro _______ S Spinato
79%
Nome del padre di Dudley V Vernon
78%
Acromantula che vive nella foresta proibita amica di Hagrid A Aragog
73%
L'unica magia in cui era bravo Gilderoy Allock O Oblivion
60%
Incantesimo che serve per disintegrare le cose R Reducto
52%
Il nome del Padre di Luna Lovegood X Xenophilius
47%
Giornale diretto da Luna Lovegood e suo padre I Il Cavillo
45%
La moneta di meno valore nel mondo dei maghi Z Zellini
42%
Il personaggio della domanda precedente li liberò in classe P Pixie
34%
Mangiamorte inviato da Voldemort infiltrato nel ministero della Magia Y Yaxley
20%
Nessun quiz corrispondente trovato
Distribuzione punteggi
Percentuale di utenti per punteggio
Percentile per numero di risposta
I tuoi punteggi nel tempo
Non hai fatto questo quiz